LEADER 01833nam 2200313Ia 450 001 996395797003316 005 20221108050604.0 035 $a(CKB)4330000000317034 035 $a(EEBO)2240881073 035 $a(OCoLC)45097841 035 $a(EXLCZ)994330000000317034 100 $a20000929d1643 uy 0 101 0 $aeng 135 $aurbn||||a|bb| 200 12$aA copy of a letter written by Mr Stephen Marshall$b[electronic resource] $eto a friend of his in the city, for the necessary vindication of himself and his ministry, against that altogether groundlesse, most unjust, and ungodly aspersion cast upon him by certaine malignants in the city, and lately printed at Oxford, in their Mendacium aulicum, otherwise called, Mercurius Aulicus, and sent abroad into other nations to his perpetuall infamy. : In which letter the accusation is fully answered. And together with that, the lawfulnesse of the Parliaments taking up defensive arms is briefly and learnedly asserted and demonstrated, texts of Scripture cleared, all objections to the contrary answered, to the full satisfaction of all those that desire to have their consciences informed in this great controversie 210 $aLondon $cPrinted for Samuel Gellibrand, at the Brazen Serpent in Pauls Church-yard$d1643 215 $a[2], 30 p 300 $aImperfect: cropped with some loss of print. 300 $aReproduction of original in Henry E. Huntington Library. 330 $aeebo-0113 607 $aGreat Britain$xPolitics and government$y1625-1649 607 $aGreat Britain$xHistory$yPuritan Revolution, 1642-1660 700 $aMarshall$b Stephen$f1594?-1655.$01001459 801 0$bEAE 801 1$bEAE 906 $aBOOK 912 $a996395797003316 996 $aA copy of a letter written by Mr. Stephen Marshall$92323240 997 $aUNISA LEADER 02022oam 2200517M 450 001 9910716402903321 005 20200213070614.3 035 $a(CKB)5470000002522121 035 $a(OCoLC)1065976329 035 $a(OCoLC)995470000002522121 035 $a(EXLCZ)995470000002522121 100 $a20071213d1927 ua 0 101 0 $aeng 135 $aurcn||||||||| 181 $ctxt$2rdacontent 182 $cc$2rdamedia 183 $acr$2rdacarrier 200 10$aAppointment as warrant officers of regular Army of the persons with interruption of status in World War. February 18, 1927. -- Referred to the House Calendar and ordered to be printed 210 1$a[Washington, D.C.] :$c[U.S. Government Printing Office],$d1927. 215 $a1 online resource (2 pages) 225 1 $aHouse report / 69th Congress, 2nd session. House ;$vno. 2161 225 1 $a[United States congressional serial set] ;$v[serial no. 8689] 300 $aBatch processed record: Metadata reviewed, not verified. Some fields updated by batch processes. 300 $aFDLP item number not assigned. 606 $aMilitary appointments 606 $aMilitary promotions 606 $aQuartermasters 606 $aWorld War, 1914-1918 607 $aUnited States$xArmed Forces$xOfficers 607 $aUnited States$xArmed Forces$xNon-commissioned officers 608 $aLegislative materials.$2lcgft 615 0$aMilitary appointments. 615 0$aMilitary promotions. 615 0$aQuartermasters. 615 0$aWorld War, 1914-1918. 701 $aWurzbach$b Harry McLeary$f1874-1931$pRepublican (TX)$01386829 801 0$bWYU 801 1$bWYU 801 2$bOCLCO 801 2$bOCLCQ 801 2$bOCLCO 801 2$bOCLCQ 906 $aBOOK 912 $a9910716402903321 996 $aAppointment as warrant officers of regular Army of the persons with interruption of status in World War. February 18, 1927. -- Referred to the House Calendar and ordered to be printed$93548235 997 $aUNINA LEADER 03349nam 2200721Ia 450 001 9910791975103321 005 20230425183147.0 010 $a1-283-09764-8 010 $a9786613097644 010 $a0-226-73132-4 024 7 $a10.7208/9780226731322 035 $a(CKB)2560000000072802 035 $a(EBL)686253 035 $a(OCoLC)719383443 035 $a(SSID)ssj0000540072 035 $a(PQKBManifestationID)11343328 035 $a(PQKBTitleCode)TC0000540072 035 $a(PQKBWorkID)10580682 035 $a(PQKB)10453480 035 $a(SSID)ssj0000569787 035 $a(PQKBManifestationID)12204076 035 $a(PQKBTitleCode)TC0000569787 035 $a(PQKBWorkID)10586953 035 $a(PQKB)10978137 035 $a(MiAaPQ)EBC686253 035 $a(DE-B1597)524069 035 $a(OCoLC)1135589439 035 $a(DE-B1597)9780226731322 035 $a(Au-PeEL)EBL686253 035 $a(CaPaEBR)ebr10466315 035 $a(CaONFJC)MIL309764 035 $a(EXLCZ)992560000000072802 100 $a20031008d2004 uy 0 101 0 $aeng 135 $aur|n|---||||| 181 $ctxt$2rdacontent 182 $cc$2rdamedia 183 $acr$2rdacarrier 200 10$aPilgrimage to the end of the world $ethe road to Santiago de Compostela /$fConrad Rudolph 210 1$aChicago :$cUniversity of Chicago Press,$d2004. 215 $a1 online resource (xii, 131 pages) $cillustrations, maps 225 0 $aCulture Trails: Adventures in Travel 300 $aDescription based upon print version of record. 311 0 $a0-226-73127-8 311 0 $a0-226-73125-1 320 $aIncludes bibliographical references (p. 124-128). 327 $tFrontmatter --$tCONTENTS --$tPreface --$tPilgrimage in the Middle Ages --$tThe Pilgrimage to Santiago and to the End of the World --$tViews of the Journey --$tThe Route --$tGetting There --$tWhat to Take --$tSuggested Reading --$tOrganizations 330 $aTraveling two and a half months and one thousand miles along the ancient route through southern France and northern Spain, Conrad Rudolph made the passage to the holy site of Santiago de Compostela, one of the most important modern-day pilgrimage destinations for Westerners. In this chronicle of his travels to this captivating place, Rudolph melds the ancient and the contemporary, the spiritual and the physical, in a book that is at once travel guide, literary work, historical study, and memoir. 410 0$aCulture Trails 606 $aChristian pilgrims and pilgrimages$zSpain$zSantiago de Compostela 607 $aSpain, Northern$xDescription and travel 607 $aSantiago de Compostela (Spain) 610 $apilgrimage, passage, holy site, sacred, santiago de compostela, france, spain, travel, religion, spirituality, christianity, journey, nonfiction, memoir, christian pilgrims, faith, biography, transformation, worship, dedication, piety, voyage, history, jesus, christ, disciples, scripture, bible, relics, catholicism, middle ages, route. 615 0$aChristian pilgrims and pilgrimages 676 $a263/.0424611 700 $aRudolph$b Conrad$f1951-$0873764 801 0$bMiAaPQ 801 1$bMiAaPQ 801 2$bMiAaPQ 906 $aBOOK 912 $a9910791975103321 996 $aPilgrimage to the end of the world$93711721 997 $aUNINA